[Event "AUTO-INT-3633"]
[Site "http://www.queenalice.com/game.php?id=1641652"]
[Date "2021.1.27"]
[Round "1"]
[White "JumpingJack"]
[Black "SamuraiJOM"]
[Result "0-1"]
[WhiteElo "1607"]
[BlackElo "1705"]

1. e4 e5 2. Nf3 Nc6 3. d4 d6 4. Bb5 a6 5. Bxc6+ bxc6 6. dxe5 Bf5 7. exf5 Nh6 8.
Bxh6 gxh6 9. O-O Bg7 10. Re1 O-O 11. Nc3 Re8 12. f6 Bf8 13. Nd4 Qd7 14. Qf3 Kh8
15. Nxc6 Qe6 16. Nd5 Qc8 17. Rad1 Qd7 18. Nd4 dxe5 19. Nf5 a5 20. Qg3 Qxf5 21.
Nxc7 Qxf6 22. Nxa8 Bd6 23. Nb6 Qe6 24. b3 Rg8 25. Qc3 Bb4 26. Qxe5+ f6 27. Qd4
Bxe1 28. Kf1 Bb4 29. c4 Qf7 30. c5 h5 31. c6 Qe7 32. Rc1 Bd6 33. Nc4 Bxh2 34.
Nxa5 Qa3 35. Qxf6+ Rg7 36. Qc3 Qf8 37. g3 Bxg3 38. Qd4 Bc7 39. b4 Kg8 40. Nb7
Qf3 41. b5 Qh1+ 42. Ke2 Qxc1 43. b6 Qc2+ 44. Kf1 Bxb6 45. Qxb6 Qd1# 0-1

[Event "AUTO-INT-3633"]
[Site "http://www.queenalice.com/game.php?id=1641663"]
[Date "2021.1.27"]
[Round "1"]
[White "ThiagoSousa"]
[Black "JumpingJack"]
[Result "1/2-1/2"]
[WhiteElo "1503"]
[BlackElo "1626"]

1. e4 e5 2. Nf3 Nc6 3. Bb5 a6 4. Bxc6 dxc6 5. O-O f6 6. b3 Nh6 7. Bb2 Bg4 8. d3
Bc5 9. Nbd2 Bxf3 10. Qxf3 Nf7 11. Nc4 O-O 12. Na5 Rb8 13. c3 Qd7 14. d4 exd4 15.
cxd4 Bxd4 16. Bxd4 Qxd4 17. h3 Rfe8 18. Rfe1 Qc5 19. Nc4 Rbd8 20. Rad1 Ne5 21.
Nxe5 Qxe5 22. a4 Rxd1 23. Rxd1 Qxe4 24. Qxe4 Rxe4 25. Rd7 Rb4 26. Rxc7 Rxb3 27.
Kh2 h5 28. a5 Rb5 29. f3 c5 30. Kg3 Rxa5 31. Rxb7 c4 32. Kf2 c3 33. Ke2 c2 34.
Kd2 Rc5 35. Kc1 a5 36. Rb2 g5 37. Rxc2 Rxc2+ 38. Kxc2 Kf7 39. Kb3 Ke6 40. Ka4 f5
41. Kxa5 f4 42. Kb4 Kd5 43. Kc3 h4 44. Kd3 Ke5 45. Ke2 Kd4 46. Kf2 Kd3 1/2-1/2

[Event "AUTO-INT-3633"]
[Site "http://www.queenalice.com/game.php?id=1641664"]
[Date "2021.1.27"]
[Round "1"]
[White "JumpingJack"]
[Black "ThiagoSousa"]
[Result "1-0"]
[WhiteElo "1580"]
[BlackElo "1503"]

1. e4 c5 2. d4 e6 3. d5 b6 4. b3 Nf6 5. dxe6 fxe6 6. Nf3 Nxe4 7. Bd3 Bb7 8. O-O
Qf6 9. c3 Nxc3 10. Nxc3 Qxc3 11. Bf4 Be7 12. Be5 Bxf3 13. Bxc3 Bxd1 14. Raxd1
Bf6 15. Ba1 Bxa1 16. Rxa1 d5 17. Bb5+ Nd7 18. Rfe1 O-O-O 19. Rxe6 Rhe8 20. Rae1
Rxe6 21. Rxe6 Nf8 22. Re7 g6 23. g4 Kb8 24. f4 d4 25. f5 gxf5 26. gxf5 Rd5 27.
Re8+ Kc7 28. Rxf8 Kd6 29. f6 Ke6 30. Bc4 h5 31. Bxd5+ Kxd5 32. f7 Ke6 33. Kf2 b5
34. Ke2 a5 35. h4 Ke7 36. Rh8 Kxf7 37. Rxh5 c4 38. Rxb5 d3+ 39. Kd2 Ke6 40. bxc4
Kd6 41. Kxd3 Kc6 42. Rxa5 Kb6 43. Rb5+ Kc6 44. h5 1-0

[Event "AUTO-INT-3633"]
[Site "http://www.queenalice.com/game.php?id=1641671"]
[Date "2021.1.27"]
[Round "1"]
[White "JumpingJack"]
[Black "Ruusgugg"]
[Result "1-0"]
[WhiteElo "1580"]
[BlackElo "1446"]

1. d4 f5 2. Nc3 g6 3. e4 d6 4. Nf3 e6 5. Bc4 fxe4 6. Nxe4 d5 7. Ne5 Nf6 8. Nxf6+
Qxf6 9. Bb5+ c6 10. Ba4 b5 11. Bb3 Nd7 12. Nxc6 Bb7 13. Na5 Ba6 14. c4 Bb4+ 15.
Bd2 Bxd2+ 16. Qxd2 bxc4 17. Ba4 O-O-O 18. O-O Nb6 19. Bd1 g5 20. Nc6 Rd7 21. Ne5
h5 22. Nxd7 Kxd7 23. b3 cxb3 24. axb3 Bxf1 25. Kxf1 Rf8 26. f3 g4 27. Rxa7+ Ke8
28. Qb4 Nd7 29. Ra8+ Kf7 30. Ra7 Rd8 31. Kg1 gxf3 32. Bxf3 h4 33. h3 Qf4 34. Qa4
Ke8 35. Bh5+ Ke7 36. Qb4+ Kf6 37. Qa4 Qg5 38. Bg4 Qc1+ 39. Kf2 Nb6 40. Qa5 Qc2+
41. Be2 Qxb3 42. Ra6 Nc4 43. Qxd8+ Kf5 44. Bg4+ Ke4 45. Rxe6+ Kxd4 46. Qf6+ Kd3
47. Qf5+ Kc3 48. Qf6+ d4 49. Ke1 Qb1+ 50. Bd1 Qc1 51. Qf3+ d3 52. Re2 Nb2 53.
Rc2+ 1-0

[Event "AUTO-INT-3633"]
[Site "http://www.queenalice.com/game.php?id=1641672"]
[Date "2021.1.27"]
[Round "1"]
[White "Ruusgugg"]
[Black "JumpingJack"]
[Result "1-0"]
[WhiteElo "1405"]
[BlackElo "1695"]

1. e4 e5 2. Nf3 Nc6 3. g4 Nf6 4. g5 Nxe4 5. Bc4 Nxg5 6. Nxg5 Qxg5 7. d4 exd4 8.
Bxg5 d5 9. Bxd5 Nb4 10. Qe2+ Kd7 11. Bxf7 b6 12. Qe6# 1-0

[Event "AUTO-INT-3653"]
[Site "http://www.queenalice.com/game.php?id=1647790"]
[Date "2021.3.26"]
[Round "1"]
[White "JumpingJack"]
[Black "flibbertygibbet"]
[Result "0-1"]
[WhiteElo "1660"]
[BlackElo "1897"]

1. e4 e6 2. d4 d5 3. e5 c5 4. Nf3 Nc6 5. Bb5 Qb6 6. Bxc6+ bxc6 7. Nc3 cxd4 8.
Nxd4 Bb4 9. O-O Bxc3 10. bxc3 Ne7 11. Ba3 Bd7 12. Rb1 Qd8 13. Re1 O-O 14. Nf3
Re8 15. Qd2 Qa5 16. Rb3 Nf5 17. g3 c5 18. Nh4 Nxh4 19. gxh4 c4 20. Rb7 Bc6 21.
Bb4 Qd8 22. Rxf7 Kxf7 23. Qf4+ Kg8 24. h5 Rf8 25. Bxf8 Qxf8 26. Qg4 Qf7 27. h6
Rf8 28. Rf1 Qg6 29. Qxg6 hxg6 30. hxg7 Rf3 31. Kg2 Rxc3 32. Rb1 d4+ 33. f3 Rxc2+
34. Kg3 Kxg7 35. a3 d3 36. h4 d2 37. Rd1 c3 0-1

[Event "AUTO-INT-3653"]
[Site "http://www.queenalice.com/game.php?id=1647791"]
[Date "2021.3.26"]
[Round "1"]
[White "flibbertygibbet"]
[Black "JumpingJack"]
[Result "1-0"]
[WhiteElo "1887"]
[BlackElo "1650"]

1. e4 e5 2. Nf3 Nc6 3. Bb5 Nf6 4. O-O Nxe4 5. Re1 a6 6. Ba4 Bc5 7. Re2 b5 8. Bb3
d5 9. d3 Nf6 10. Nxe5 Nxe5 11. Rxe5+ Be6 12. d4 Bd6 13. Re1 O-O 14. Nc3 b4 15.
Na4 Ne4 16. Be3 Qh4 17. h3 Qf6 18. Nc5 Qg6 19. Nxe6 Qxe6 20. f3 Ng3 21. Qd3 Qf6
22. Bxd5 Ra7 23. Bc4 Re8 24. Bf2 Raa8 25. Bxa6 c5 26. c3 Be7 27. Bxg3 cxd4 28.
cxd4 Kf8 29. Be5 Qg5 30. Qxh7 f6 31. Bc4 Rac8 32. Qg8# 1-0

[Event "AUTO-INT-3653"]
[Site "http://www.queenalice.com/game.php?id=1647792"]
[Date "2021.3.26"]
[Round "1"]
[White "JumpingJack"]
[Black "Pharaoh"]
[Result "0-1"]
[WhiteElo "1650"]
[BlackElo "1570"]

1. e4 e5 2. Nf3 d6 3. d4 Bg4 4. dxe5 Bxf3 5. Qxf3 dxe5 6. Nc3 Bb4 7. Bd2 Nf6 8.
a3 Ba5 9. Bb5+ c6 10. Bc4 O-O 11. Qg3 Bxc3 12. bxc3 Qd6 13. Bh6 Nh5 14. Qg4 Qxh6
15. Qf5 Nf6 16. O-O Qf4 17. Rfe1 Qxf5 18. exf5 Nbd7 19. Rad1 Rad8 20. a4 a6 21.
g3 Nc5 22. Kg2 Nce4 23. Rb1 b5 24. axb5 axb5 25. Bd3 Nxc3 26. Rb3 Ncd5 27. Rxe5
Rfe8 28. Rxe8+ Rxe8 29. Ra3 Nb4 30. h4 Rd8 31. Kh3 Nxd3 32. cxd3 b4 33. Rb3 c5
34. g4 Nd5 35. Kg3 Nc3 36. Kf4 Rxd3 37. Ke5 Rd5+ 38. Kf4 Rd3 39. Rb2 Nd1 40. Ra2
h6 41. Rc2 Rc3 42. Rd2 Rc4+ 43. Ke5 Nc3 44. g5 hxg5 45. hxg5 Ne4 46. g6 f6+ 0-1

[Event "AUTO-INT-3653"]
[Site "http://www.queenalice.com/game.php?id=1647793"]
[Date "2021.3.26"]
[Round "1"]
[White "Pharaoh"]
[Black "JumpingJack"]
[Result "0-1"]
[WhiteElo "1568"]
[BlackElo "1639"]

1. e4 e5 2. Nf3 Nc6 3. Bb5 Nf6 4. Bxc6 dxc6 5. d3 Bg4 6. h3 Bh5 7. g4 Bg6 8. Nh4
Nd7 9. Nxg6 hxg6 10. Nc3 Bc5 11. Qe2 Qe7 12. Be3 O-O-O 13. Bxc5 Nxc5 14. O-O-O
a6 15. Qe3 f6 16. d4 exd4 17. Qf3 dxc3 18. b3 Nxe4 19. Rhe1 Qa3+ 0-1

[Event "AUTO-INT-3653"]
[Site "http://www.queenalice.com/game.php?id=1647794"]
[Date "2021.3.26"]
[Round "1"]
[White "JumpingJack"]
[Black "Carlos19"]
[Result "1-0"]
[WhiteElo "1628"]
[BlackElo "1533"]

1. e4 e5 2. Nf3 Nc6 3. d4 Bb4+ 4. c3 Bd6 5. d5 Nce7 6. Na3 Nf6 7. Ng5 h6 8. Nf3
Nxe4 9. Nc4 b5 10. Ncxe5 Bxe5 11. Nxe5 d6 12. Nf3 Bb7 13. Bxb5+ Kf8 14. Bc6 Bxc6
15. dxc6 Nxc6 16. O-O a5 17. Re1 d5 18. Bf4 Qf6 19. Bxc7 g5 20. Qxd5 g4 21. Qxe4
gxf3 22. Qxf3 Qxf3 23. gxf3 f5 24. Re6 Rg8+ 25. Bg3 f4 26. Rf6+ Ke7 27. Rxc6
fxg3 28. fxg3 Rab8 29. Re1+ Kd7 30. Rxh6 Rxb2 31. a4 Rb3 32. Re5 Rb1+ 33. Kf2
Rb2+ 34. Ke3 Rb3 35. Kd4 Ra3 36. Rxa5 Rf8 37. Ra7+ Ke8 38. Rhh7 1-0

[Event "AUTO-INT-3653"]
[Site "http://www.queenalice.com/game.php?id=1647795"]
[Date "2021.3.26"]
[Round "1"]
[White "Carlos19"]
[Black "JumpingJack"]
[Result "0-1"]
[WhiteElo "1544"]
[BlackElo "1602"]

1. e4 e5 2. Nf3 Nc6 3. Bc4 d6 4. d3 Bg4 5. h3 Bxf3 6. Qxf3 Nf6 7. Bg5 Nd4 8. Qd1
h6 9. Bxf6 Qxf6 10. c3 Nc6 11. O-O a6 12. g4 O-O-O 13. b4 g6 14. b5 Na5 15. bxa6
Nxc4 16. dxc4 bxa6 17. Qd5 h5 18. Qa8+ Kd7 19. Qxa6 hxg4 20. Qb5+ Ke6 21. Kh2
Qf4+ 22. Kg1 Rxh3 23. Qd5+ Kf6 24. Qd2 Qh2# 0-1

[Event "AUTO-INT-3661"]
[Site "http://www.queenalice.com/game.php?id=1650228"]
[Date "2021.4.20"]
[Round "1"]
[White "SGF"]
[Black "JumpingJack"]
[Result "1-0"]
[WhiteElo "1695"]
[BlackElo "1579"]

1. e4 e5 2. Qf3 Nc6 3. c3 Nf6 4. d3 d5 5. h3 d4 6. Bg5 h6 7. Bxf6 Qxf6 8. Qxf6
gxf6 9. g4 h5 10. Be2 h4 11. Nf3 Bd7 12. g5 f5 13. exf5 Bxf5 14. cxd4 exd4 15.
Nbd2 O-O-O 16. Rc1 Nb4 17. a3 Nxd3+ 18. Bxd3 Bxd3 19. Ne5 Re8 20. f4 Bd6 21. Nc4
Bxc4 22. Rxc4 d3 23. O-O Bxe5 24. fxe5 Rxe5 25. Rd4 Rxg5+ 26. Kh2 Rg3 27. Rxf7
Rd8 28. Rxh4 d2 29. Rf1 Rgd3 30. Rd1 Re8 31. Rg4 Re2+ 32. Rg2 Rxg2+ 33. Kxg2 b5
34. Kf2 c5 35. Ke2 Rxh3 36. Rxd2 Kc7 37. Rc2 c4 38. Kd1 Rd3+ 39. Ke2 a5 40. a4
bxa4 41. Rxc4+ Kb6 42. Kxd3 Kb5 43. Kc3 1-0

[Event "AUTO-INT-3661"]
[Site "http://www.queenalice.com/game.php?id=1650229"]
[Date "2021.4.20"]
[Round "1"]
[White "JumpingJack"]
[Black "SGF"]
[Result "0-1"]
[WhiteElo "1593"]
[BlackElo "1683"]

1. d4 e6 2. e4 Qf6 3. Nf3 d6 4. Nc3 c6 5. e5 Qg6 6. g3 h5 7. Ng5 Be7 8. Bd3 f5
9. Nh3 d5 10. O-O h4 11. Nf4 Qg4 12. Qxg4 fxg4 13. Ng6 Rh5 14. Nxe7 Kxe7 15. Bg6
Rh8 16. Bg5+ Kf8 17. Na4 b6 18. Rac1 hxg3 19. fxg3+ Nf6 20. Bh5 Rxh5 21. Bxf6
gxf6 22. Rxf6+ Kg7 23. Rcf1 Rf5 24. R6xf5 exf5 25. b3 a5 26. Nxb6 Ra6 27. Nxc8
Kg6 28. Nd6 Kg5 29. Rxf5+ Kg6 30. Kf2 Nd7 31. Ke3 c5 32. e6 cxd4+ 33. Kxd4 Rxd6
34. exd7 Kxf5 35. c4 dxc4+ 36. Kxc4 Rxd7 37. Kb5 Rd2 38. a4 Rxh2 39. Kxa5 Rh3
40. b4 Rxg3 41. b5 Rb3 42. b6 g3 43. Ka6 g2 0-1

[Event "AUTO-INT-3661"]
[Site "http://www.queenalice.com/game.php?id=1650244"]
[Date "2021.4.20"]
[Round "1"]
[White "juim"]
[Black "JumpingJack"]
[Result "0-1"]
[WhiteElo "1576"]
[BlackElo "1584"]

1. e4 e5 2. d4 exd4 3. Qxd4 Nc6 4. Qd1 Nf6 5. Bd3 d5 6. Bg5 Be7 7. Nc3 dxe4 8.
Bxe4 Nxe4 9. Nxe4 Bxg5 10. Qxd8+ Bxd8 11. Nf3 Bf5 12. Nc3 Bxc2 13. O-O O-O 14.
Rfe1 Bf6 15. Rac1 Bd3 16. Re3 Rad8 17. Ne4 Bxe4 18. Rxe4 Bxb2 19. Rce1 Bc3 20.
Rc1 Bb2 21. Rb1 Bc3 22. g3 b6 23. Rc1 Rd3 24. Nh4 Nd4 25. Re7 Rd8 26. Kg2 Ne2
27. Nf3 Nxc1 28. Ng5 R3d7 29. Re4 Nxa2 30. Kh3 Rd2 31. Kg2 Bd4 32. Kh3 Bxf2 33.
Nf3 R2d3 34. Rf4 Nc3 35. Kg2 Be3 36. Rb4 a5 37. Rh4 a4 38. Ne5 Rd2+ 39. Kf3 Bg5
40. Rc4 Rc2 41. Rxc7 Ne2 42. Kg4 Rxc7 0-1

[Event "AUTO-INT-3661"]
[Site "http://www.queenalice.com/game.php?id=1650245"]
[Date "2021.4.20"]
[Round "1"]
[White "JumpingJack"]
[Black "juim"]
[Result "1-0"]
[WhiteElo "1567"]
[BlackElo "1576"]

1. d4 d5 2. Nc3 e6 3. Nf3 Bb4 4. Bd2 Bxc3 5. Bxc3 Nf6 6. e3 O-O 7. Bd3 g6 8. O-O
Ne4 9. Bxe4 dxe4 10. Ne5 Qd5 11. Ng4 f6 12. Bb4 Nd7 13. Bxf8 Kxf8 14. b3 b6 15.
a4 Ba6 16. c4 Qg5 17. h3 e5 18. dxe5 Ke7 19. exf6+ Nxf6 20. g3 Qc5 21. Qd4 Qxd4
22. exd4 Nxg4 23. hxg4 c5 24. dxc5 bxc5 25. Rfe1 Bb7 26. Rad1 Rb8 27. Rb1 Kf6
28. b4 cxb4 29. Rxb4 a5 30. Rb6+ Ke5 31. f3 g5 32. Rb5+ Kd4 33. fxe4 Kxc4 34.
Rxg5 Bc6 35. Rc1+ Kd4 36. Rxc6 Rb4 37. Rxa5 Kxe4 38. Kf2 Kd3 39. Kf3 Kd2 40.
Rd5+ Ke1 41. Re6+ 1-0

[Event "AUTO-INT-3661"]
[Site "http://www.queenalice.com/game.php?id=1650256"]
[Date "2021.4.20"]
[Round "1"]
[White "JumpingJack"]
[Black "Daniel1962"]
[Result "0-1"]
[WhiteElo "1635"]
[BlackElo "1589"]

1. d4 d5 2. Nc3 c6 3. Nf3 Bf5 4. e3 Nf6 5. Bd3 Bxd3 6. Qxd3 e6 7. O-O Bd6 8. Ne5
Bxe5 9. dxe5 Ng4 10. h3 Nxe5 11. Qe2 b5 12. b3 b4 13. Ne4 dxe4 14. Bb2 f6 15.
Bxe5 fxe5 16. Qh5+ g6 17. Qxe5 Ke7 18. Rfd1 Qf8 19. Qxe4 a5 20. Qh4+ Qf6 21. Qc4
Rf8 22. Qc5+ Kf7 23. Rd2 Qxa1+ 24. Kh2 Kg7 25. Qe7+ Rf7 26. Qxe6 Raa7 27. e4
Rae7 28. Qd6 Rd7 29. Qxb8 Rxd2 30. e5 Rdxf2 31. e6 Re7 32. Qd6 Qf6 33. Qc5 Qf4+
34. Kg1 Rf1# 0-1

[Event "AUTO-INT-3661"]
[Site "http://www.queenalice.com/game.php?id=1650257"]
[Date "2021.4.20"]
[Round "1"]
[White "Daniel1962"]
[Black "JumpingJack"]
[Result "1-0"]
[WhiteElo "1607"]
[BlackElo "1613"]

1. d4 d5 2. Nf3 Nc6 3. Bd2 g6 4. Nc3 Bg7 5. Be3 Nf6 6. h3 O-O 7. Ne5 Nxe5 8.
dxe5 Ne4 9. Nxe4 dxe4 10. Bd4 b6 11. e3 c5 12. Bc3 Qc7 13. Qd5 Be6 14. Qxe4 Rad8
15. Bd3 c4 16. Be2 a5 17. O-O b5 18. f4 b4 19. Be1 c3 20. b3 Bf5 21. Qf3 Bxc2
22. Bh4 Bd3 23. Bxd3 Rxd3 24. Rad1 Rxd1 25. Rxd1 c2 26. Rc1 Rd8 27. Kh2 Rd2 28.
Qe4 Qc3 29. Be1 Rd1 30. Bxc3 Rxc1 31. Bd2 f5 32. exf6 Bxf6 33. Bxc1 g5 34. fxg5
Bxg5 35. Qxc2 1-0

[Event "AUTO-INT-3675"]
[Site "http://www.queenalice.com/game.php?id=1760720"]
[Date "2021.5.28"]
[Round "1"]
[White "profeta"]
[Black "JumpingJack"]
[Result "0-1"]
[WhiteElo "1443"]
[BlackElo "1610"]

1. e4 e5 2. Nf3 Nc6 3. Nc3 Nf6 4. Bb5 a6 5. Bxc6 dxc6 6. d4 exd4 7. Nxd4 Bb4 8.
a3 Bxc3+ 9. bxc3 Nxe4 10. Qe2 Qe7 11. O-O O-O 12. Bb2 Re8 13. Rae1 c5 14. f3
cxd4 15. fxe4 Qg5 16. Bc1 Qg6 17. h3 b5 18. c4 bxc4 19. Qxc4 Bxh3 20. Rf2 Rad8
21. Kh2 Be6 22. Qxc7 Bd5 23. exd5 Qh5+ 24. Kg3 Qxd5 25. c4 Qh5 26. Bd2 Rc8 27.
Rxe8+ Rxe8 28. Qd7 Qe5+ 29. Bf4 Qe1 30. Bd2 Qe5+ 31. Bf4 Qe1 32. Bd2 Qe5+ 33.
Bf4 Qe4 34. Qa7 Qd3+ 35. Rf3 Qxc4 36. Be5 h6 37. Qxd4 Qc1 38. Bxg7 Qe1+ 39. Kh2
Re4 40. Qd8+ Kxg7 41. Qd3 Rh4+ 42. Rh3 Qe5+ 43. g3 Qb2+ 44. Kh1 Rxh3+ 45. Kg1
Qc1+ 46. Qf1 Qe3+ 47. Qf2 Qxg3+ 48. Qg2 a5 49. Qxg3+ Rxg3+ 0-1

[Event "AUTO-INT-3675"]
[Site "http://www.queenalice.com/game.php?id=1760721"]
[Date "2021.5.28"]
[Round "1"]
[White "JumpingJack"]
[Black "profeta"]
[Result "1-0"]
[WhiteElo "1600"]
[BlackElo "1451"]

1. d4 d5 2. Nc3 Nf6 3. g3 Nc6 4. Bg2 e5 5. dxe5 Nxe5 6. Bg5 h6 7. Bxf6 gxf6 8.
Nxd5 Be6 9. Nh3 c6 10. Ndf4 Qxd1+ 11. Rxd1 Bxh3 12. Bxh3 Nc4 13. b3 Bb4+ 14. Kf1
Rd8 15. Kg2 Rxd1 16. Rxd1 Nd6 17. Nd3 c5 18. Nxb4 cxb4 19. Rxd6 Ke7 20. Rd7+ Kf8
21. Rxb7 a5 22. Ra7 Kg7 23. Rxa5 f5 24. Rxf5 Rd8 25. Rb5 Rd2 26. Rxb4 Rxc2 27.
a4 Rxe2 28. a5 Kg6 29. a6 Re8 30. Bd7 Rd8 31. Bc6 f5 32. a7 Kg5 33. a8=Q Rxa8
34. Bxa8 f4 35. Rxf4 h5 36. h4+ Kg6 37. Be4+ Kh6 38. Rf6+ Kg7 39. Rf5 Kg6 40. b4
Kg7 41. b5 1-0

[Event "AUTO-INT-3675"]
[Site "http://www.queenalice.com/game.php?id=1760734"]
[Date "2021.5.28"]
[Round "1"]
[White "JumpingJack"]
[Black "SCORPION77"]
[Result "0-1"]
[WhiteElo "1578"]
[BlackElo "1668"]

1. d4 d5 2. Nc3 e6 3. Nf3 Bb4 4. Bd2 Nf6 5. Bg5 Bxc3+ 6. bxc3 Nc6 7. e3 h6 8.
Bxf6 Qxf6 9. Bb5 Bd7 10. Bxc6 Bxc6 11. O-O O-O 12. Ne5 Bb5 13. Re1 Qf5 14. Rb1
a6 15. f3 Rab8 16. e4 Qf6 17. Rb4 Rbc8 18. c4 dxc4 19. Nxc4 Rfd8 20. c3 Bxc4 21.
Rxc4 c6 22. e5 Qf5 23. a4 c5 24. Rxc5 Rxc5 25. g4 Qg6 26. Qb3 Rc7 27. h4 Qd3 28.
Rd1 Qxf3 29. d5 Qxg4+ 30. Kf2 Qf4+ 31. Kg2 Qe4+ 32. Kg3 exd5 0-1

[Event "AUTO-INT-3675"]
[Site "http://www.queenalice.com/game.php?id=1760735"]
[Date "2021.5.28"]
[Round "1"]
[White "SCORPION77"]
[Black "JumpingJack"]
[Result "1-0"]
[WhiteElo "1630"]
[BlackElo "1593"]

1. e4 e5 2. Nf3 d6 3. Bc4 Nf6 4. Ng5 Be6 5. Bxe6 fxe6 6. Nxe6 Qd7 7. Nxf8 Rxf8
8. d3 Nc6 9. Nc3 O-O-O 10. a3 Ng4 11. f3 Nf6 12. Bg5 h6 13. Bh4 g5 14. Bf2 Nh5
15. g3 Nd4 16. Bxd4 exd4 17. Ne2 Qa4 18. b3 Qa5+ 19. b4 Qb5 20. Nxd4 Qb6 21. Ne6
Qe3+ 22. Qe2 Rxf3 23. Nxd8 Kxd8 24. Qxe3 Rxe3+ 25. Kf2 1-0

[Event "AUTO-INT-3675"]
[Site "http://www.queenalice.com/game.php?id=1760736"]
[Date "2021.5.28"]
[Round "1"]
[White "JumpingJack"]
[Black "Archer"]
[Result "0-1"]
[WhiteElo "1605"]
[BlackElo "1706"]

1. d4 e6 2. e4 Nf6 3. Nc3 Bb4 4. Bd2 Bxc3 5. Bxc3 Nxe4 6. Bd3 Nxc3 7. bxc3 d5 8.
Nf3 Nc6 9. O-O h5 10. Bb5 Bd7 11. Bxc6 Bxc6 12. Ne5 Bb5 13. Re1 h4 14. h3 Qe7
15. Rb1 Ba6 16. Qg4 O-O-O 17. Qf4 Rdf8 18. Nf3 f5 19. Ng5 Rf6 20. Nf3 Rh5 21.
Nxh4 g5 22. Qf3 Rxh4 23. a4 g4 24. Qg3 Rg6 25. hxg4 Rgxg4 26. Qf3 Qh7 27. g3 Rh2
28. Rxe6 Rg5 29. Re8+ Kd7 30. Re5 c6 31. c4 Kd8 32. cxd5 c5 33. dxc5 Rgh5 34. c4
Bxc4 35. Re8+ Kxe8 36. Re1+ Kf7 37. Qg2 Rxg2+ 38. Kxg2 Bxd5+ 0-1

[Event "AUTO-INT-3675"]
[Site "http://www.queenalice.com/game.php?id=1760737"]
[Date "2021.5.28"]
[Round "1"]
[White "Archer"]
[Black "JumpingJack"]
[Result "1-0"]
[WhiteElo "1678"]
[BlackElo "1619"]

1. e4 e5 2. Nf3 d6 3. Bc4 Bg4 4. Nc3 Nf6 5. d3 g6 6. Bg5 Bg7 7. Nd5 O-O 8. h3
Be6 9. h4 c6 10. Nxf6+ Bxf6 11. Bh6 Re8 12. h5 g5 13. Qd2 b5 14. Bb3 Na6 15. a3
Bxb3 16. cxb3 d5 17. Nxg5 dxe4 18. Nxe4 c5 19. Nxf6+ Qxf6 20. Bg5 Qe6 21. O-O-O
Qxb3 22. Kb1 b4 23. axb4 cxb4 24. Qe3 Rec8 25. Rd2 Qd5 26. Qg3 b3 27. Be7+ Kh8
28. Bf6# 1-0